Sports Quiz

Random Sports or Soccer Quiz

Promotions into the Premier League Quiz Stats

 Plays Quiz Updated Jul 1, 2018

Challenge
Share
Tweet
Embed
Score 0/77 Timer 10:00
5 Plays Today
Year Team % Correct
2016-17Newcastle United
94.7%
2017-18Cardiff City
93.9%
2017-18Wolverhampton Wanderers
93.1%
2017-18Fulham
92.6%
2009-10Newcastle United
91%
1992-93Newcastle United
91%
2016-17Brighton & Hove Albion
90.3%
2013-14Leicester City
88.8%
2016-17Huddersfield Town
88.7%
2011-12West Ham United
88.6%
1992-93West Ham United
88.6%
2004-05West Ham United
88.6%
2006-07Sunderland
88.4%
1995-96Sunderland
88.4%
1998-99Sunderland
88.4%
2004-05Sunderland
88.4%
2013-14Burnley
88.2%
2010-11Swansea City
87.6%
2015-16Burnley
87.3%
2012-13Cardiff City
86.8%
2011-12Southampton
85.9%
2015-16Hull City
86%
2003-04Norwich City
85.9%
2007-08Hull City
85.8%
2012-13Hull City
85.8%
2001-02West Bromwich Albion
85.5%
2003-04West Bromwich Albion
85.5%
2007-08West Bromwich Albion
85.5%
2009-10West Bromwich Albion
85.5%
2010-11Norwich City
85.4%
2010-11Queens Park Rangers
84.3%
2001-02Manchester City
84.1%
1999-00Manchester City
84.1%
2012-13Crystal Palace
83.6%
1993-94Leicester City
83.6%
1995-96Leicester City
83.6%
2002-03Leicester City
83.6%
2003-04Crystal Palace
83.5%
1993-94Crystal Palace
83.5%
Year Team % Correct
1996-97Crystal Palace
83.5%
2014-15Norwich City
82.8%
2008-09Burnley
82.6%
2014-15Watford
81.8%
2014-15AFC Bournemouth
81.5%
2015-16Middlesbrough
81.5%
2000-01Fulham
81.4%
2007-08Stoke City
80.2%
2008-09Birmingham City
79%
2001-02Birmingham City
79%
2006-07Birmingham City
79%
2000-01Blackburn Rovers
78.1%
2002-03Wolverhampton Wanderers
77.9%
2008-09Wolverhampton Wanderers
77.9%
2013-14Queens Park Rangers
77.4%
2002-03Portsmouth
77%
2000-01Bolton Wanderers
76.3%
1996-97Bolton Wanderers
76.3%
1994-95Bolton Wanderers
76.1%
2006-07Derby County
75.9%
1995-96Derby County
75.9%
2004-05Wigan Athletic
74.2%
2005-06Sheffield United
72.9%
2005-06Reading
72.5%
2011-12Reading
72.4%
2005-06Watford
72.1%
1998-99Watford
72.1%
1999-00Ipswich Town
71.4%
2009-10Blackpool
71.4%
1994-95Middlesbrough
71.3%
1997-98Middlesbrough
71.3%
1999-00Charlton Athletic
67.3%
1997-98Charlton Athletic
67.3%
1993-94Nottingham Forest
65.6%
1997-98Nottingham Forest
65.6%
1996-97Barnsley
59.3%
1998-99Bradford City
56.6%
1992-93Swindon Town
52.2%

You're not logged in!

Compare scores with friends on all Sporcle quizzes.
Join for Free
OR
Log In

You Might Also Like...

Show Comments

Extras

Top Quizzes Today


Score Distribution

Your Account Isn't Verified!

In order to create a playlist on Sporcle, you need to verify the email address you used during registration. Go to your Sporcle Settings to finish the process.

Report this User

Report this user for behavior that violates our Community Guidelines.

Details: